Holbach Muñetón: Guayaquil se prepara con una importante gama de atractivos turísticos para feriado de carnaval (Registro nro. 27338)
[ vista simple ]
| 000 -CABECERA | |
|---|---|
| Campo de control interno | 01701nam a22001817a 4500 |
| 005 - FECHA Y HORA DE LA CATALOGACION | |
| Campo de control | 20150202112241.0 |
| 008 - ELEMENTOS DE LONGITUD FIJA - INFORMACION | |
| Elementos de Longitud Fija - Informaci | 150202b xxu||||| |||| 00| 0 eng d |
| 040 ## - ORIGEN DE LA CATALOGACION | |
| Origen de la Catalogación | ANE |
| 041 ## - CODIGO DE LENGUAJE | |
| Código de lenguaje del texto | Es |
| 082 ## - NUMERO DE CLASIFICACION DECIMAL DEWEY | |
| 1ra. Clasificación | TV-211 |
| 100 ## - ENTREVISTADO | |
| Entrevistado | Muñetón, Holbach |
| Rol del entrevistado | Presidente de la Cámara de Turismo de Guayaquil |
| 245 ## - TÍTULO GENERAL | |
| Título | Holbach Muñetón: Guayaquil se prepara con una importante gama de atractivos turísticos para feriado de carnaval |
| 260 ## - EDITORIAL | |
| Ciudad | Guayaquil |
| Televisora que emite el programa | Telerama |
| Fecha del Programa | 2015-01-30 |
| 300 ## - DESCRIPCION | |
| Duración en minutos, horas (del programa) | p. |
| 520 ## - RESUMEN | |
| Resumen | Holbach Muñetón, presidente de la Cámara de Turismo de Guayaquil, manifestó, que el puerto principal se prepara con una amplia gama de actividades y atractivos para recibir a todos los turistas que escojan a la ciudad como destino para estas festividades de carnaval; paralelamente a los atractivos que ha preparado la ciudad, Muñetón comenta que además han tomado varias previsiones de seguridad para evitar que los visitantes sufran incidentes o sean víctimas de la inseguridad. El titular de la Cámara de Turismo señala que la ciudad cuenta con una importante infraestructura hotelera para albergar a visitantes de diversos estratos socioeconómicos, y destaca los beneficios que representa el turismo para la ciudad, pues generan puestos de trabajo y un importante flujo económico durante las temporadas de alta afluencia, como sucede con el feriado de carnaval y también con varios otros que vienen sucesivamente, como semana santa. (Ecuador en Vivo) |
| 650 ## - DESCRIPTORES - TEMAS | |
| Temas - Descriptores | Atractivos feriados/cámara Turismo Guayaquil/invitación turística/tradición cultural/previsión seguridad/infraestructura hotelera/puestos trabajo/visitantes/estratos socioeconómicos/ |
| 942 ## - ELEMENTOS DE KOHA | |
| Esquema de Clasificaci | |
| Tipo de Documento | Material Multimedia (radio y televisión) |
| Catalogador | IES. |
| Withdrawn status | Lost status | Fuente de Clasificaci | Damaged status | Not for loan | Ubicaci | Biblioteca | Fecha de Adquisición | Signatura Topogr | Código de barras | Date last seen | Price effective from | Tipo de Item |
|---|---|---|---|---|---|---|---|---|---|---|---|---|
| Biblioteca Asamblea Nacional | Biblioteca Asamblea Nacional | 2015-02-02 | TV-211 | TV-211 | 2015-02-02 | 2015-02-02 | Material Multimedia (radio y televisión) |